Central Library OPAC University of Rajshahi
Normal view MARC view

Entry Topical Term

Number of records used in: 8

001 - CONTROL NUMBER

  • control field: 7995

003 - CONTROL NUMBER IDENTIFIER

  • control field: BD-RjUL

005 - DATE AND TIME OF LATEST TRANSACTION

  • control field: 20230712105923.0

008 - FIXED-LENGTH DATA ELEMENTS

  • fixed length control field: 230712|| aca||aabn | a|a d

040 ## - CATALOGING SOURCE

  • Original cataloging agency: BD-RjUL
  • Transcribing agency: BD-RjUL

150 ## - HEADING--TOPICAL TERM

  • Topical term or geographic name entry element: Antibody Formation
  • General subdivision: immunology

670 ## - SOURCE DATA FOUND

  • Source citation: Work cat.: (BD-RjUL)81563: Abbas, Abul K., author. 7992, Cellular and molecular immunology /